[Event "Baden-ch op U1200"]
[Site "Birkenfeld"]
[Date "2013.06.01"]
[Round "6"]
[White "Lutz, Lennard"]
[Black "Reichmann, Bernd"]
[Result "1-0"]
[WhiteElo "1168"]
[BlackElo "1097"]
[PlyCount "89"]
[EventDate "2013.05.30"]
[EventType "swiss"]
[EventRounds "7"]
[EventCountry "GER"]
[SourceTitle "EXT 2014"]
[Source "ChessBase"]
[SourceDate "2013.11.20"]
[SourceVersion "1"]
[SourceVersionDate "2013.11.20"]
[SourceQuality "1"]

1. e4 e5 2. Nf3 Nc6 3. Bc4 Bc5 4. c3 Nf6 5. d4 exd4 6. cxd4 Bb4+ 7. Bd2 Bxd2+ 8. Nbxd2 d5 9. exd5 Nxd5 10. 0-0 0-0 11. Re1 Nf6 12. Ne4 Bg4 13. d5 Bxf3 14. Qxf3 Nxe4 15. Rxe4 Na5 16. Bd3 b6 17. Rg4 Qd6 18. Rh4 g6 19. Rc1 f5 20. g4 fxg4 21. Qxg4 Rf6 22. b4 Nb7 23. Rc6 Qe7 24. Rxf6 Qxf6 25. Qe6+ Qxe6 26. dxe6 Nd6 27. Bc2 Kg7 28. Rh3 Re8 29. Bb3 Re7 30. Rg3 Nb5 31. Re3 Nd6 32. Kg2 h6 33. Kg3 Nf5+ 34. Kg4 Nd6 35. Kf4 Kf6 36. Rf3 Nf5 37. Ke4 c6 38. a4 a6 39. Rd3 Nd6+ 40. Rxd6 Rc7 41. Rd7 Rxd7 42. exd7 Ke7 43. Ke5 Kxd7 44. Kf6 c5 45. bxc5 1-0